| 000 | 00474nam a22001577a 4500 | ||
|---|---|---|---|
| 999 |
_c524683 _d524683 |
||
| 003 | NUST | ||
| 038 | _aMr. Zahoor | ||
| 082 | _a621.3 | ||
| 100 |
_aAman Khan, Abdullah _916048 |
||
| 245 |
_aArchitecture and Digital Design of a Flexible Correlation filter Processor / _cAbdullah Aman Khan |
||
| 260 |
_aIslamabad : _bCEME - NUST, _c2014. |
||
| 300 |
_axix, 128 p. : ill, ; _c30cm. |
||
| 500 | _aHardcover. | ||
| 600 | _2Computer Engineering MS Thesis | ||
| 942 |
_2ddc _cTHE |
||